000
00264nam a22001217a 4500
008
181029b xxu||||| |||| 00| 0 eng d
041
_a
eng
080
_a
316
100
_a
50
101
_a
SOC
245
_a
The Norton Mix Sociology
_c
Palmer.n
942
_2
udc
_c
BK
999
_c
50979
_d
50979